LEADER 01071nam a2200277 i 4500 001 991000829549707536 005 20020507174129.0 008 960724s1994 sz ||| | eng 020 $a376435075X 035 $ab10763089-39ule_inst 035 $aLE01302954$9ExL 040 $aDip.to Matematica$beng 082 0 $a512.55 084 $aAMS 22E40 100 1 $aLubotzky, Alexander$061328 245 10$aDiscrete groups, expanding graphs and invariant measures /$cAlexander Lubotzky ; appendix by Jonathan D. Rogawski 260 $aBasel :$bBirkhauser,$c1994 300 $axi, 195 p. ;$c24 cm 490 0 $aProgress in mathematics [Birkhauser],$xISSN 0743-1643;$v125 650 4$aDiscrete subgroups of lie groups 907 $a.b10763089$b23-02-17$c28-06-02 912 $a991000829549707536 945 $aLE013 22E LUB11 (1994)$g1$i2013000059143$lle013$o-$pE0.00$q-$rl$s- $t0$u0$v0$w0$x0$y.i10858532$z28-06-02 996 $aDiscrete groups, expanding graphs and invariant measures$9923302 997 $aUNISALENTO 998 $ale013$b01-01-96$cm$da $e-$feng$gsz $h0$i1 LEADER 01153nam 2200373 450 001 9910765747303321 005 20230223113505.0 010 $a3-03842-846-9 035 $a(CKB)5400000000000055 035 $a(NjHacI)995400000000000055 035 $a(EXLCZ)995400000000000055 100 $a20230223d2018 uy 0 101 0 $aeng 135 $aur||||||||||| 181 $ctxt$2rdacontent 182 $cc$2rdamedia 183 $acr$2rdacarrier 200 10$aDietary bioactives and bone health /$fTaylor Wallace 210 1$aBasel :$cMDPI,$d[2018] 210 4$dİ2018 215 $a1 online resource (196 pages) 330 $aThis book is a printed edition of the Special Issue "Dietary Bioactives and Bone Health" that was published in Nutrients. 606 $aOsteoporosis$xNutritional aspects 606 $aOsteoporosis 615 0$aOsteoporosis$xNutritional aspects. 615 0$aOsteoporosis. 676 $a616.716 700 $aWallace$b Taylor$01367316 801 0$bNjHacI 801 1$bNjHacl 906 $aBOOK 912 $a9910765747303321 996 $aDietary Bioactives and Bone Health$93390272 997 $aUNINA